El desafío del relativismo
שמור ב:
| Main Authors: | , |
|---|---|
| מחברים אחרים: | |
| פורמט: | ספר |
| שפה: | ספרדית |
| יצא לאור: |
Madrid
Trotta
1997
|
| סדרה: | Colección Estructuras y Procesos
|
| נושאים: | |
| תגים: |
הוספת תג
אין תגיות, היה/י הראשונ/ה לתייג את הרשומה!
|
MARC
| LEADER | 00000nam a2200000 a 4500 | ||
|---|---|---|---|
| 001 | UCQ4066 | ||
| 003 | CL-VaPUC | ||
| 008 | 980829e19970000SP |||||||||||||||||spa|d | ||
| 082 | 0 | 4 | |a 142 |b ARE |2 21 |
| 100 | 0 | |a Arenas, Luis |e author |9 418305 | |
| 700 | |a Muñoz, Jacobo |e editor |9 571244 | ||
| 700 | 0 | |a Perona, Angeles J |e author |9 418307 | |
| 245 | 1 | 3 | |a El desafío del relativismo |
| 300 | |a 276 p | ||
| 942 | |c BK | ||
| 945 | |d 19980829 00:00:00 |a mvenant | ||
| 260 | |a Madrid |b Trotta |c 1997 | ||
| 650 | 0 | |a Relativismo |9 322356 | |
| 650 | 0 | |a Ética |9 255099 | |
| 650 | 7 | |a DOGMATISMO |2 CL-VaPUC |9 337265 | |
| 650 | 0 | |a Lógica |9 256849 | |
| 650 | 0 | |a Realismo |9 259117 | |
| 650 | 0 | |a Razón |9 314475 | |
| 650 | 0 | |a Religión |9 255164 | |
| 650 | 0 | |a Racionalismo |9 259116 | |
| 583 | |a last modification |c 19980829 00:00:00 |k Rodrigo Vera | ||
| 490 | 0 | |a Colección Estructuras y Procesos | |
| 999 | |c 274550 |d 274548 | ||
| 952 | |0 0 |1 0 |4 0 |6 142_000000000000000_ARE_1997 |7 0 |8 DER_TF |9 310758 |a BIBDER |b BIBDER |d 2019-11-20 |i 3456390 |l 1 |o 142 ARE 1997 |p 3456390 |r 2020-03-23 |s 2020-03-16 |w 2019-11-20 |x Ubicación 4to Piso |y BK |z Estos recursos deben solicitarse con anticipación |k DER | ||
| 952 | |0 0 |1 0 |4 0 |6 142_000000000000000_ARE_1997 |7 0 |8 A |9 310759 |a BIBTEO |b BIBTEO |d 2019-11-20 |i 3773078 |o 142 ARE 1997 |p 3773078 |r 2025-01-17 |w 2019-11-20 |y BK |k ICR | ||